000 01230cpcaa2200301 4500
001 mm 82080192
003 DLC
005 20260227111716.0
008 820422|||||||||||| eng
010 _amm 82080192
040 _aDLC
_cDLC
_edacs
_dDLC
072 7 _aW
_2lcmd
100 1 _aBoyce, Charles H.
245 0 0 _aCharles H. Boyce papers,
_f1886-1932.
300 _a10
_fitems.
506 0 _aOpen to research.
520 8 _aA history of the 28th Regiment, New York State Volunteers. Relates to military activities in Maryland, Virginia, and West Virginia during the Civil War. Also includes several reunion badges and programs.
545 0 _aHistorian and soldier.
546 _aCollection material in English.
610 1 0 _aUnited States.
_bArmy.
_bNew York Infantry Regiment, 28th (1861-1863)
651 0 _aMaryland
_xHistory
_yCivil War, 1861-1865.
651 0 _aVirginia
_xHistory
_yCivil War, 1861-1865.
651 0 _aWest Virginia
_xHistory
_yCivil War, 1861-1865.
656 7 _aHistorians.
_2itoamc
656 7 _aSoldiers.
_2itoamc
999 _c43740
_d43740